[Event "Schach am Rhein"]
[Site "Bad Breisig"]
[Date "2009.11.21"]
[Round "1.1"]
[White "Boidman, Yuri"]
[Black "Flagmeier, Reiner"]
[Result "1-0"]
[WhiteElo "2323"]
[BlackElo "1802"]
[PlyCount "57"]
[EventDate "2009.??.??"]
[WhiteTeam "Wiesbadener SV 1885"]
[BlackTeam "Schachclub 1919 Siegburg e.V."]

1. e4 c6 2. c4 d5 3. exd5 cxd5 4. cxd5 Nf6 5. Qa4+ Nbd7 6. Nc3 g6 7. Nf3 Bg7 8.
Qb3 O-O 9. Bc4 Nb6 10. d3 Ne8 11. O-O Nd6 12. Re1 Bd7 13. Be3 Nbc8 14. a4 Nf5
15. Qxb7 Ncd6 16. Qb3 Qc7 17. Bf4 Rfe8 18. Nb5 Bxb5 19. axb5 Nd4 20. Nxd4 Bxd4
21. Ra6 Bb6 22. Be3 Rab8 23. h3 Rec8 24. Bxb6 axb6 25. Qa4 Nb7 26. Ra7 Qd6 27.
Qa3 Rc5 28. b3 Qf6 29. Rxb7 1-0

[Event "Schach am Rhein"]
[Site "Bad Breisig"]
[Date "2009.11.21"]
[Round "1.2"]
[White "Kies, Wolfgang"]
[Black "Wempe, Jürgen"]
[Result "0-1"]
[WhiteElo "1774"]
[BlackElo "2050"]
[PlyCount "80"]
[EventDate "2009.??.??"]
[WhiteTeam "SC 1950 Remagen"]
[BlackTeam "SK Union Oldenburg"]

1. d4 f5 2. g3 Nf6 3. Bg2 e6 4. c4 Be7 5. Nc3 O-O 6. Nf3 d6 7. O-O Qe8 8. Re1
Ne4 9. Qc2 Qg6 10. Nd2 Nxd2 11. Bxd2 Nc6 12. e3 e5 13. d5 Nb8 14. Nb5 Na6 15.
b4 Bd7 16. a3 c5 17. Qb3 Rfc8 18. Rac1 b6 19. Nc3 Kh8 20. b5 Nc7 21. a4 Ne8 22.
Ra1 a5 23. bxa6 Rxa6 24. Nb5 Rca8 25. Bc3 Bd8 26. Reb1 h5 27. Qd1 h4 28. Qe1
hxg3 29. hxg3 Rxa4 30. Rxa4 Rxa4 31. Qe2 f4 32. Rf1 fxg3 33. fxg3 Be7 34. Be1
Bg4 35. Bf3 Bh3 36. Bh5 Bxf1 37. Qf3 Qf6 38. Qh1 Kg8 39. Bxe8 Bxc4 40. Qh3 Ra1
0-1

[Event "Schach am Rhein"]
[Site "Bad Breisig"]
[Date "2009.11.21"]
[Round "1.3"]
[White "Konstantinowskij, Dimitrij"]
[Black "Becher, Helmut"]
[Result "1/2-1/2"]
[WhiteElo "1932"]
[BlackElo "1766"]
[PlyCount "83"]
[EventDate "2009.??.??"]
[WhiteTeam "VfR - SC Koblenz"]
[BlackTeam "SF Sinzig"]

1. d4 d5 2. Nf3 Nf6 3. e3 Bf5 4. Bd3 Bg6 5. O-O e6 6. b3 c5 7. Bb2 Nc6 8. Qe2
Be7 9. a3 O-O 10. Nbd2 Rc8 11. Ne5 Qb6 12. Nxg6 hxg6 13. dxc5 Bxc5 14. b4 Be7
15. c4 dxc4 16. Nxc4 Qc7 17. Rac1 Qb8 18. b5 Nd8 19. Be5 Qa8 20. b6 Nc6 21. Bg3
Rcd8 22. Ne5 Nxe5 23. Bxe5 Rd5 24. Bb2 axb6 25. Rc3 Rfd8 26. e4 Rc5 27. Rb3 Rc6
28. Bb5 Rcc8 29. f4 Bc5+ 30. Kh1 Bd4 31. Bc1 Qa5 32. f5 gxf5 33. exf5 e5 34.
Bg5 Rd6 35. Qf3 Rc3 36. Rxc3 Qxc3 37. Qxb7 Qxa3 38. Bc4 Rd7 39. Qc8+ Qf8 40.
Qc6 Qd6 41. Qa8+ Rd8 42. Qb7 1/2-1/2

[Event "Schach am Rhein"]
[Site "Bad Breisig"]
[Date "2009.11.21"]
[Round "1.4"]
[White "Segelken, Peter"]
[Black "Zirwes, Hans Jürgen"]
[Result "0-1"]
[WhiteElo "1735"]
[BlackElo "1846"]
[PlyCount "74"]
[EventDate "2009.??.??"]
[WhiteTeam "Delmenhorster SK V 1931"]
[BlackTeam "SC 1950 Remagen"]

1. e4 c5 2. Nf3 Nc6 3. Nc3 e6 4. d3 Nge7 5. Be2 g6 6. O-O Bg7 7. Bd2 O-O 8. h3
d6 9. a3 f5 10. Nh2 e5 11. Rb1 Be6 12. f4 d5 13. Nxd5 Nxd5 14. exd5 Bxd5 15.
Bc3 Nd4 16. fxe5 Bxe5 17. Nf3 Bc7 18. Nxd4 cxd4 19. Bd2 g5 20. Bf3 h6 21. Bxd5+
Qxd5 22. Qf3 Qd6 23. Bb4 Qh2+ 24. Kf2 g4 25. Qd5+ Rf7 26. Ke2 Re8+ 27. Kd1 gxh3
28. Rxf5 Qg1+ 29. Kd2 Qe3+ 30. Kd1 Qe2+ 31. Kc1 Qe3+ 32. Kd1 Qg1+ 33. Kd2 Qxg2+
34. Qxg2+ hxg2 35. Rxf7 Kxf7 36. Rg1 Bf4+ 37. Kd1 Rg8 0-1

[Event "Schach am Rhein"]
[Site "Bad Breisig"]
[Date "2009.11.21"]
[Round "1.5"]
[White "Buchäckert, Jürgen"]
[Black "Flockerzi, Armin"]
[Result "1/2-1/2"]
[WhiteElo "1841"]
[BlackElo "1626"]
[PlyCount "147"]
[EventDate "2009.??.??"]
[WhiteTeam "SK 1912 Ludwigshafen"]
[BlackTeam "VfR - SC Koblenz"]

1. e4 c5 2. c3 d6 3. d4 cxd4 4. cxd4 Nf6 5. Nc3 a6 6. h3 g6 7. Nf3 Bg7 8. Bd3
O-O 9. Be3 b5 10. O-O Bb7 11. a3 Nbd7 12. Rc1 Re8 13. b4 e6 14. Qd2 Rc8 15. Bg5
e5 16. d5 Nb6 17. Ne2 Qd7 18. Ng3 Rxc1 19. Rxc1 Rc8 20. Be3 Rxc1+ 21. Qxc1 Qc8
22. Qxc8+ Nxc8 23. Nd2 Ne7 24. Nb3 Ne8 25. Ne2 f5 26. f3 Kf7 27. Nc3 f4 28. Bf2
g5 29. Na5 Bc8 30. Bb6 h5 31. Be2 Nf6 32. Bc7 Ne8 33. Bb8 Bf8 34. a4 bxa4 35.
Nxa4 Bd7 36. Nb6 Bb5 37. Bxb5 axb5 38. Nb7 Ng8 39. Nc8 Ngf6 40. Nbxd6+ Nxd6 41.
Nxd6+ Bxd6 42. Bxd6 Nd7 43. Kf2 Kf6 44. g3 h4 45. gxh4 gxh4 46. Bc7 Kg6 47. Bd8
Kh5 48. Be7 Nb8 49. Bd8 Nd7 50. Ke2 Nb8 51. Kd3 Nd7 52. Bc7 Kg6 53. Kc3 Kh5 54.
Bd8 Nb8 55. Bf6 Nd7 56. Be7 Nb8 57. Bc5 Kg6 58. Bf2 Kh5 59. Be1 Nd7 60. Bd2 Kg6
61. Kd3 Kg5 62. Bc3 Kf6 63. Be1 Kg5 64. Bd2 Kh5 65. Bxf4 exf4 66. Kd4 Kg5 67.
e5 Kf5 68. e6 Nf6 69. Kc5 Ke5 70. Kc6 Ne8 71. e7 Nd6 72. Kc5 Ne8 73. Kc6 Nd6
74. Kc5 1/2-1/2

[Event "Schach am Rhein"]
[Site "Bad Breisig"]
[Date "2009.11.21"]
[Round "1.6"]
[White "Stuch, Hans-Ferdinand"]
[Black "Zilch, Lothar"]
[Result "0-1"]
[WhiteElo "1612"]
[BlackElo "1821"]
[PlyCount "78"]
[EventDate "2009.??.??"]
[WhiteTeam "Schachclub Bonn Beuel"]
[BlackTeam "SV Alsfeld"]

1. d4 Nf6 2. Nf3 d6 3. c4 g6 4. Nc3 Bg7 5. e4 O-O 6. Be2 Nbd7 7. O-O e5 8. d5
a5 9. Qc2 Nc5 10. b3 Nh5 11. Be3 b6 12. a3 f5 13. b4 Nxe4 14. Nxe4 fxe4 15. Nd2
Nf4 16. Nxe4 Bf5 17. f3 Bh6 18. Kh1 g5 19. g4 Bg6 20. Qd2 Bg7 21. Bd3 h6 22.
Rab1 Qe7 23. Bc2 Bh7 24. Ng3 Bxc2 25. Qxc2 Qf6 26. Nf5 Bh8 27. Rf2 axb4 28.
axb4 Ra3 29. Rb3 Ra1+ 30. Rb1 Rfa8 31. Bc1 Kf8 32. Bb2 R1a2 33. Rff1 Qg6 34.
Ra1 Bf6 35. Qb3 Rxa1 36. Rxa1 Rxa1+ 37. Bxa1 e4 38. Bxf6 Qxf6 39. fxe4 Qa1+ 0-1

[Event "Schach am Rhein"]
[Site "Bad Breisig"]
[Date "2009.11.21"]
[Round "1.7"]
[White "Klein, Gereon"]
[Black "Zittro, Carl"]
[Result "0-1"]
[WhiteElo "1816"]
[BlackElo "1481"]
[PlyCount "72"]
[EventDate "2009.??.??"]
[WhiteTeam "Schachklub Kerpen 64 e.V."]
[BlackTeam "SF Nickenich"]

1. Nf3 Nf6 2. c4 c5 3. Nc3 d5 4. cxd5 Nxd5 5. g3 Nxc3 6. bxc3 Nc6 7. d4 cxd4 8.
cxd4 e6 9. Bg2 Bb4+ 10. Bd2 Bxd2+ 11. Qxd2 Qa5 12. Qxa5 Nxa5 13. Ne5 f6 14. Nd3
Rb8 15. Rc1 Bd7 16. O-O Bc6 17. Bh3 Bd5 18. Nf4 Nc6 19. Bxe6 Bxe6 20. Nxe6 Ke7
21. d5 Nb4 22. e4 Rhc8 23. a3 Nc2 24. Nxg7 Nxa3 25. f4 b5 26. Nf5+ Kd8 27. Nd6
Rxc1 28. Rxc1 b4 29. Nf7+ Ke7 30. Rc7+ Kf8 31. Nh6 b3 32. Rxh7 Rb6 33. Rxa7 b2
34. Ra8+ Ke7 35. Nf5+ Kd7 36. Ra7+ Kd8 0-1

[Event "Schach am Rhein"]
[Site "Bad Breisig"]
[Date "2009.11.22"]
[Round "2.1"]
[White "Zirwes, Hans Jürgen"]
[Black "Boidman, Yuri"]
[Result "0-1"]
[WhiteElo "1942"]
[BlackElo "2391"]
[PlyCount "78"]
[EventDate "2009.??.??"]
[WhiteTeam "SC 1950 Remagen"]
[BlackTeam "Wiesbadener SV 1885"]

1. d4 d5 2. Nf3 Nf6 3. e3 c5 4. c3 e6 5. Bd3 Nc6 6. Nbd2 Bd6 7. O-O O-O 8. Re1
e5 9. dxc5 Bxc5 10. Bc2 e4 11. Nd4 Bd6 12. f3 exf3 13. N2xf3 Re8 14. Nf5 Bc7
15. b3 Ne4 16. Bxe4 Rxe4 17. N5d4 Bg4 18. h3 Bh5 19. Rf1 Nxd4 20. cxd4 Qd6 21.
Bd2 Rae8 22. Qc2 Bg6 23. Qc5 Qd7 24. Rac1 Bb6 25. Qc3 f6 26. a4 a6 27. a5 Bd8
28. Ne1 R4e6 29. b4 Rc6 30. Qb2 Bc7 31. Rc5 Bd6 32. Rxc6 Qxc6 33. Nf3 Be4 34.
Rc1 Qd7 35. Rf1 Rc8 36. Ne1 Qb5 37. Nf3 Rc2 38. Qb3 Bg3 39. Be1 Bh2+ 0-1

[Event "Schach am Rhein"]
[Site "Bad Breisig"]
[Date "2009.11.22"]
[Round "2.2"]
[White "Wempe, Jürgen"]
[Black "Zilch, Lothar"]
[Result "1-0"]
[WhiteElo "2177"]
[BlackElo "2043"]
[PlyCount "29"]
[EventDate "2009.??.??"]
[WhiteTeam "SK Union Oldenburg"]
[BlackTeam "SV Alsfeld"]

1. e4 c5 2. Nf3 a6 3. c3 d6 4. d4 Nd7 5. e5 dxe5 6. dxe5 e6 7. Bd3 Ne7 8. Qe2
Ng6 9. Bg5 Qc7 10. Bxg6 hxg6 11. Nbd2 b6 12. O-O-O Bb7 13. Nc4 Bd5 14. Rxd5
exd5 15. Nd6+ 1-0

[Event "Schach am Rhein"]
[Site "Bad Breisig"]
[Date "2009.11.22"]
[Round "2.3"]
[White "Zittro, Carl"]
[Black "Mitzel, Robert"]
[Result "0-1"]
[WhiteElo "1481"]
[BlackElo "2031"]
[PlyCount "100"]
[EventDate "2009.??.??"]
[WhiteTeam "SF Nickenich"]
[BlackTeam "SK 1908 Göggingen"]

1. d4 Nf6 2. Bf4 d5 3. Nf3 c6 4. c3 Nh5 5. Bg5 h6 6. Bh4 g5 7. Bg3 Nxg3 8. hxg3
Bg7 9. Ne5 Qd6 10. f4 Bf5 11. e3 Bxe5 12. dxe5 Qg6 13. g4 Be4 14. f5 Qg7 15.
Qb3 b6 16. e6 fxe6 17. fxe6 Qe5 18. Nd2 Qg3+ 19. Kd1 Qxg4+ 20. Kc1 Qxe6 21. c4
Nd7 22. cxd5 Bxd5 23. Qc3 O-O-O 24. e4 Bxe4 25. Ba6+ Kb8 26. Re1 Nc5 27. Bc4
Qf5 28. Rf1 Qg6 29. b4 Nd3+ 30. Kd1 Qh5+ 31. Kc2 Ne5+ 32. Nxe4 Nxc4 33. Qxc4
Qg6 34. Rad1 Rhf8 35. Rxf8 Rxf8 36. Qd3 Qe6 37. Kb1 Kc7 38. Rd2 g4 39. Nc3 h5
40. b5 Qd6 41. Qe3 Rf1+ 42. Kc2 Qc5 43. Qg3+ e5 44. Qh4 Qf8 45. bxc6 Kxc6 46.
Ne4 Qa3 47. Nc3 Rc1+ 48. Kd3 Rxc3+ 49. Ke2 Re3+ 50. Kf2 g3+ 0-1

[Event "Schach am Rhein"]
[Site "Bad Breisig"]
[Date "2009.11.22"]
[Round "2.4"]
[White "Becher, Helmut"]
[Black "Buchäckert, Jürgen"]
[Result "0-1"]
[WhiteElo "2117"]
[BlackElo "1991"]
[PlyCount "58"]
[EventDate "2009.??.??"]
[WhiteTeam "SF Sinzig"]
[BlackTeam "SK 1912 Ludwigshafen"]

1. e4 c5 2. c3 d5 3. exd5 Qxd5 4. d4 Nc6 5. Nf3 Bg4 6. Be2 cxd4 7. cxd4 e6 8.
Nc3 Bb4 9. O-O Qa5 10. Be3 Nge7 11. Qb3 O-O 12. a3 Bxc3 13. bxc3 Qc7 14. h3 Bh5
15. Rac1 Nd5 16. Bd2 Rab8 17. Rfe1 Nf4 18. Bxf4 Qxf4 19. Qc2 Rfc8 20. Qd2 Qxd2
21. Nxd2 Bxe2 22. Rxe2 Nxd4 23. Re4 Nb5 24. Nb1 Rc7 25. Kf1 Rbc8 26. Rb4 Nd6
27. Ke2 g6 28. Kd3 Nc4 29. Kc2 Nxa3+ 0-1

[Event "Schach am Rhein"]
[Site "Bad Breisig"]
[Date "2009.11.22"]
[Round "2.5"]
[White "Klein, Gereon"]
[Black "Konstantinowskij, Dimitrij"]
[Result "1/2-1/2"]
[WhiteElo "1928"]
[BlackElo "1839"]
[PlyCount "92"]
[EventDate "2009.??.??"]
[WhiteTeam "Schachklub Kerpen 64 e.V."]
[BlackTeam "VfR - SC Koblenz"]

1. Nf3 Nf6 2. c4 e6 3. Nc3 d5 4. d4 Be7 5. Bg5 c6 6. e3 O-O 7. cxd5 exd5 8. Qc2
Re8 9. Bd3 Nbd7 10. O-O Nf8 11. Rab1 a5 12. a3 Bd6 13. Bf5 Be6 14. Rfc1 Qd7 15.
Bd3 Bg4 16. Bxf6 Bxf3 17. gxf3 gxf6 18. Bf5 Qe7 19. Kh1 Kh8 20. f4 Ng6 21. Qd1
Rg8 22. Qh5 Rg7 23. Rg1 Rag8 24. Rg3 b6 25. Rbg1 Qb7 26. h4 Nf8 27. Rxg7 Rxg7
28. Rxg7 Kxg7 29. Qg4+ Kh8 30. h5 c5 31. Bc8 Qc6 32. Qf5 Bb8 33. dxc5 d4+ 34.
Nd5 bxc5 35. Qxf6+ Qxf6 36. Nxf6 Ne6 37. Kg1 c4 38. Ba6 dxe3 39. fxe3 Ba7 40.
Nd5 Nxf4 41. Nxf4 Bxe3+ 42. Kf1 Bxf4 43. Bxc4 Kg7 44. b4 axb4 45. axb4 f5 46.
b5 Bc7 1/2-1/2

[Event "Schach am Rhein"]
[Site "Bad Breisig"]
[Date "2009.11.22"]
[Round "2.6"]
[White "Flagmeier, Reiner"]
[Black "Segelken, Peter"]
[Result "1/2-1/2"]
[WhiteElo "1802"]
[BlackElo "1891"]
[PlyCount "44"]
[EventDate "2009.??.??"]
[WhiteTeam "Schachclub 1919 Siegburg e.V."]
[BlackTeam "Delmenhorster SK V 1931"]

1. d4 d5 2. Nf3 Nc6 3. Bf4 Nf6 4. e3 Bd7 5. c4 e6 6. Nc3 Be7 7. Bd3 a6 8. O-O
Nb4 9. Be2 dxc4 10. Bxc4 Nbd5 11. Nxd5 exd5 12. Bd3 Bg4 13. h3 Bh5 14. Rc1 Bd6
15. Bxd6 Qxd6 16. Qa4+ c6 17. Nd2 Bg6 18. Qb3 Bxd3 19. Qxd3 O-O 20. Rc2 Rfe8
21. Rfc1 Re7 22. Nb3 Rae8 1/2-1/2

[Event "Schach am Rhein"]
[Site "Bad Breisig"]
[Date "2009.11.22"]
[Round "2.7"]
[White "Stuch, Hans-Ferdinand"]
[Black "Kies, Wolfgang"]
[Result "0-1"]
[WhiteElo "1972"]
[BlackElo "1774"]
[PlyCount "84"]
[EventDate "2009.??.??"]
[WhiteTeam "Schachclub Bonn Beuel"]
[BlackTeam "SC 1950 Remagen"]

1. d4 d5 2. Nf3 c5 3. c4 cxd4 4. cxd5 Nf6 5. Qxd4 Qxd5 6. Nc3 Qa5 7. e4 Nc6 8.
Bb5 Bd7 9. Bxc6 Bxc6 10. Bd2 Qa6 11. e5 Rd8 12. Qf4 Nd5 13. Nxd5 Bxd5 14. Ng5
h6 15. e6 Bxe6 16. Nxe6 Qxe6+ 17. Qe3 Qa6 18. Qe2 Qxe2+ 19. Kxe2 e5 20. Rhd1
Bc5 21. Ba5 b6 22. Rxd8+ Kxd8 23. Rd1+ Ke7 24. Bc3 f6 25. b4 Bd6 26. f3 Rc8 27.
Rd3 b5 28. g3 Rc4 29. a3 f5 30. Kd2 Ke6 31. Bb2 g6 32. Rc3 Rxc3 33. Bxc3 Kd5
34. Kd3 e4+ 35. fxe4+ fxe4+ 36. Ke3 Be5 37. Bxe5 Kxe5 38. h3 g5 39. Ke2 Kd4 40.
Kd2 h5 41. h4 g4 42. Ke1 Kd3 0-1

[Event "Schach am Rhein"]
[Site "Bad Breisig"]
[Date "2009.11.23"]
[Round "3.1"]
[White "Mitzel, Robert"]
[Black "Wempe, Jürgen"]
[Result "1/2-1/2"]
[WhiteElo "2031"]
[BlackElo "2177"]
[PlyCount "56"]
[EventDate "2009.??.??"]
[WhiteTeam "SK 1908 Göggingen"]
[BlackTeam "SK Union Oldenburg"]

1. d4 Nf6 2. c4 c5 3. d5 e5 4. Nc3 d6 5. e4 Be7 6. Bd3 O-O 7. Nf3 Ne8 8. Qc2 a6
9. h3 Nd7 10. Be3 g6 11. O-O Ng7 12. Bh6 Kh8 13. a3 Rg8 14. Qd2 Qf8 15. b4 f5
16. Nh2 f4 17. Na4 b6 18. Rab1 Qd8 19. bxc5 bxc5 20. Bxg7+ Kxg7 21. Rb3 Qc7 22.
Rfb1 Bd8 23. Be2 h5 24. Bf3 Qa5 25. Qxa5 Bxa5 26. Nf1 Kh6 27. Kh2 g5 28. g4 h4
1/2-1/2

[Event "Schach am Rhein"]
[Site "Bad Breisig"]
[Date "2009.11.23"]
[Round "3.2"]
[White "Boidman, Yuri"]
[Black "Buchäckert, Jürgen"]
[Result "1-0"]
[WhiteElo "2391"]
[BlackElo "1991"]
[PlyCount "63"]
[EventDate "2009.??.??"]
[WhiteTeam "Wiesbadener SV 1885"]
[BlackTeam "SK 1912 Ludwigshafen"]

1. e4 d5 2. exd5 Qxd5 3. Nc3 Qa5 4. d4 c6 5. Bc4 Bf5 6. Nf3 Nf6 7. Bd2 e6 8.
Nd5 Qd8 9. Nxf6+ gxf6 10. Qe2 Nd7 11. O-O-O Nb6 12. Bb3 Qd7 13. Nh4 Bg6 14. Kb1
O-O-O 15. Ba5 Bd6 16. Nxg6 hxg6 17. c4 Bc7 18. h4 Rh5 19. Bc3 f5 20. g3 Kb8 21.
f4 Nc8 22. d5 exd5 23. cxd5 Re8 24. Qc2 Re3 25. dxc6 Qxc6 26. Bd5 Qe8 27. Rde1
Rxe1+ 28. Rxe1 Qd7 29. Qb3 Nd6 30. Be5 Rh7 31. Bxd6 Bxd6 32. Re8+ 1-0

[Event "Schach am Rhein"]
[Site "Bad Breisig"]
[Date "2009.11.23"]
[Round "3.3"]
[White "Konstantinowskij, Dimitrij"]
[Black "Zittro, Carl"]
[Result "1-0"]
[WhiteElo "1839"]
[BlackElo "1481"]
[PlyCount "37"]
[EventDate "2009.??.??"]
[WhiteTeam "VfR - SC Koblenz"]
[BlackTeam "SF Nickenich"]

1. e4 c6 2. d4 d5 3. exd5 cxd5 4. Nf3 Nf6 5. Bd3 Bg4 6. c3 Nc6 7. O-O e6 8. Re1
Bd6 9. Bg5 h6 10. Bh4 g5 11. Bg3 Bxg3 12. fxg3 Qb6 13. Qe2 O-O-O 14. a4 h5 15.
Qf2 Bxf3 16. Qxf3 Qxb2 17. Na3 Qxc3 18. Nb5 Qd2 19. Red1 1-0

[Event "Schach am Rhein"]
[Site "Bad Breisig"]
[Date "2009.11.23"]
[Round "3.4"]
[White "Zilch, Lothar"]
[Black "Zirwes, Hans Jürgen"]
[Result "1/2-1/2"]
[WhiteElo "2043"]
[BlackElo "1942"]
[PlyCount "72"]
[EventDate "2009.??.??"]
[WhiteTeam "SV Alsfeld"]
[BlackTeam "SC 1950 Remagen"]

1. c4 e5 2. Nc3 d6 3. Nf3 f5 4. e4 Nf6 5. d3 Be7 6. Be2 Nc6 7. O-O h6 8. exf5
Bxf5 9. Nh4 Bh7 10. Bh5+ Kd7 11. Bg4+ Ke8 12. Nf5 Bxf5 13. Bxf5 Kf7 14. Ne2 g6
15. Bh3 Kg7 16. d4 Qf8 17. Be3 Nd8 18. f4 exd4 19. Bxd4 Qf7 20. b3 Ne6 21. Bb2
Nc5 22. Nd4 Kh7 23. Qc2 Rhe8 24. Rae1 Bf8 25. g3 Bg7 26. Bg2 c6 27. b4 Ncd7 28.
f5 g5 29. Ne6 Nf8 30. Nxg7 Kxg7 31. Qd2 Qd7 32. Qd4 N8h7 33. g4 Rxe1 34. Rxe1
Re8 35. Rxe8 Qxe8 36. h3 Qe2 1/2-1/2

[Event "Schach am Rhein"]
[Site "Bad Breisig"]
[Date "2009.11.23"]
[Round "3.5"]
[White "Kies, Wolfgang"]
[Black "Flagmeier, Reiner"]
[Result "0-1"]
[WhiteElo "1774"]
[BlackElo "1802"]
[PlyCount "74"]
[EventDate "2009.??.??"]
[WhiteTeam "SC 1950 Remagen"]
[BlackTeam "Schachclub 1919 Siegburg e.V."]

1. e4 c6 2. d4 d5 3. Nc3 dxe4 4. Nxe4 Bf5 5. Ng3 Bg6 6. Nf3 Nd7 7. h4 h6 8. h5
Bh7 9. Bd3 Bxd3 10. Qxd3 e6 11. Bf4 Qa5+ 12. Bd2 Bb4 13. Bxb4 Qxb4+ 14. c3 Qxb2
15. O-O Qa3 16. Rfb1 b6 17. Rb3 Qd6 18. a4 Ngf6 19. a5 Nc5 20. Qc4 Nxb3 21.
Qxb3 b5 22. a6 Rb8 23. c4 bxc4 24. Qxc4 O-O 25. Ne5 Rb6 26. Qc5 Rd8 27. Ne2 Qd5
28. Qe7 Rf8 29. Qxa7 Rb2 30. Nc3 Qb3 31. Qc5 Rc2 32. Qxf8+ Kxf8 33. a7 Rc1+ 34.
Rxc1 Qa3 35. Rb1 Qxa7 36. Nxc6 Qc7 37. Rb8+ Ne8 0-1

[Event "Schach am Rhein"]
[Site "Bad Breisig"]
[Date "2009.11.23"]
[Round "3.6"]
[White "Segelken, Peter"]
[Black "Klein, Gereon"]
[Result "1/2-1/2"]
[WhiteElo "1891"]
[BlackElo "1928"]
[PlyCount "69"]
[EventDate "2009.??.??"]
[WhiteTeam "Delmenhorster SK V 1931"]
[BlackTeam "Schachklub Kerpen 64 e.V."]

1. e4 c5 2. Nc3 Nc6 3. Nf3 g6 4. Be2 Bg7 5. O-O e6 6. Re1 Nge7 7. d3 O-O 8. Bg5
h6 9. Bd2 d6 10. Rb1 Kh7 11. h3 Rb8 12. a3 a5 13. Nb5 b6 14. c3 Qd7 15. d4 Na7
16. Nxa7 Qxa7 17. Bb5 e5 18. dxe5 dxe5 19. Qe2 Be6 20. c4 Qc7 21. Bc3 Rfd8 22.
Rbd1 f6 23. Rxd8 Rxd8 24. Rd1 Rxd1+ 25. Qxd1 Nc8 26. Qd3 Qd6 27. Qxd6 Nxd6 28.
Nd2 h5 29. b4 axb4 30. axb4 Nxb5 31. cxb5 c4 32. Nb1 f5 33. f3 g5 34. Kf2 Kg6
35. Nd2 1/2-1/2

[Event "Schach am Rhein"]
[Site "Bad Breisig"]
[Date "2009.11.24"]
[Round "4.1"]
[White "Wempe, Jürgen"]
[Black "Boidman, Yuri"]
[Result "0-1"]
[WhiteElo "2177"]
[BlackElo "2391"]
[PlyCount "112"]
[EventDate "2009.??.??"]
[WhiteTeam "SK Union Oldenburg"]
[BlackTeam "Wiesbadener SV 1885"]

1. e4 c5 2. c3 d5 3. exd5 Qxd5 4. d4 Nc6 5. Nf3 e6 6. Be2 Nf6 7. O-O cxd4 8.
cxd4 Be7 9. a3 O-O 10. b4 Rd8 11. Bb2 b6 12. Ne5 Nxe5 13. dxe5 Bb7 14. Qxd5
Nxd5 15. g3 Rac8 16. Rc1 Bg5 17. f4 Rxc1+ 18. Bxc1 Rc8 19. Bd2 Be7 20. Ra2 a5
21. Rb2 axb4 22. axb4 Ra8 23. Kf2 f6 24. Bc4 fxe5 25. fxe5 Rf8+ 26. Ke2 Rf5 27.
Bf4 g5 28. Bxd5 Bxd5 29. Be3 Rxe5 30. Kd2 b5 31. Nc3 Bf3 32. Bc5 Kf7 33. Nxb5
Bxc5 34. bxc5 Rxc5 35. Ke3 Bd5 36. Nd6+ Ke7 37. Ne4 Bxe4 38. Kxe4 Kf6 39. g4
Rc3 40. Rf2+ Kg6 41. Ke5 Re3+ 42. Kd6 h5 43. Ke7 hxg4 44. Rf6+ Kh5 45. Rxe6 Rh3
46. Re2 g3 47. hxg3 Rxg3 48. Rh2+ Kg6 49. Re2 g4 50. Ke6 Ra3 51. Ke5 Ra4 52.
Rh2 Kg5 53. Rh8 g3 54. Rg8+ Kh4 55. Rh8+ Kg4 56. Rh7 g2 0-1

[Event "Schach am Rhein"]
[Site "Bad Breisig"]
[Date "2009.11.24"]
[Round "4.3"]
[White "Zirwes, Hans Jürgen"]
[Black "Becher, Helmut"]
[Result "1-0"]
[WhiteElo "1942"]
[BlackElo "2117"]
[PlyCount "95"]
[EventDate "2009.??.??"]
[WhiteTeam "SC 1950 Remagen"]
[BlackTeam "SF Sinzig"]

1. d4 d5 2. Bf4 Bf5 3. Nf3 Nf6 4. e3 e6 5. c4 c6 6. Nc3 Nbd7 7. Qb3 Qb6 8. c5
Qxb3 9. axb3 a6 10. b4 Rc8 11. Be2 Be7 12. h3 O-O 13. Nd2 Rfe8 14. g4 Bg6 15.
h4 h5 16. g5 Ne4 17. Ncxe4 dxe4 18. Bd1 Bd8 19. Nc4 Bc7 20. Bxc7 Rxc7 21. Nd6
Re7 22. Bb3 Kf8 23. Kd2 Bf5 24. Rhg1 g6 25. Bc4 Kg8 26. Kc3 Kh7 27. Raf1 Nf8
28. f3 exf3 29. Rxf3 Bg4 30. Rf2 Kg7 31. e4 Nd7 32. Rgf1 Nf8 33. Rf4 Nh7 34.
Kd3 Nf8 35. R1f2 Nh7 36. Kc2 Nf8 37. Kb3 Nh7 38. Ka4 Nf8 39. Ka5 Nh7 40. Kb6
Nf8 41. Rxf7+ Rxf7 42. Rxf7+ Rxf7 43. Nxf7 Kxf7 44. Kxb7 Bf3 45. Bd3 Ke7 46.
Kxc6 Kd8 47. Kd6 Bg4 48. e5 1-0

[Event "Schach am Rhein"]
[Site "Bad Breisig"]
[Date "2009.11.25"]
[Round "5.1"]
[White "Boidman, Yuri"]
[Black "Konstantinowskij, Dimitrij"]
[Result "1-0"]
[WhiteElo "2391"]
[BlackElo "1839"]
[PlyCount "57"]
[EventDate "2009.??.??"]
[WhiteTeam "Wiesbadener SV 1885"]
[BlackTeam "VfR - SC Koblenz"]

1. e4 c5 2. Nf3 d6 3. d4 cxd4 4. Qxd4 Nc6 5. Bb5 Bd7 6. Bxc6 Bxc6 7. Nc3 Nf6 8.
Bg5 e6 9. O-O-O Be7 10. Qd3 Qa5 11. h4 Rc8 12. Nd4 h6 13. Bd2 a6 14. Kb1 Qc7
15. f3 Nd7 16. f4 b5 17. f5 Nc5 18. Qg3 Nxe4 19. Nxe4 Bxe4 20. Qxg7 Bxc2+ 21.
Nxc2 Qxc2+ 22. Ka1 Kd7 23. Bb4 Rh7 24. Qd4 Qc4 25. Qd2 Qc2 26. Qe3 Qc4 27. Rc1
Qd5 28. Qa7+ Kd8 29. Ba5+ 1-0

[Event "Schach am Rhein"]
[Site "Bad Breisig"]
[Date "2009.11.25"]
[Round "5.2"]
[White "Zirwes, Hans Jürgen"]
[Black "Wempe, Jürgen"]
[Result "0-1"]
[WhiteElo "1942"]
[BlackElo "2177"]
[PlyCount "92"]
[EventDate "2009.??.??"]
[WhiteTeam "SC 1950 Remagen"]
[BlackTeam "SK Union Oldenburg"]

1. d4 f5 2. g3 Nf6 3. Bg2 e6 4. Nd2 c5 5. c3 Nc6 6. e3 b6 7. Ndf3 Ba6 8. Ne2
Rc8 9. Bd2 Be7 10. O-O O-O 11. Re1 Bd3 12. Ne5 Nxe5 13. dxe5 Ne8 14. Nf4 c4 15.
Bc1 Be4 16. Bxe4 fxe4 17. Qc2 Qc7 18. Qxe4 Rf7 19. Ne2 b5 20. Nd4 Qb6 21. a3
Nc7 22. f4 Na6 23. Bd2 Nc5 24. Qg2 d5 25. Rf1 Nd3 26. Qh3 Nc5 27. Rf3 a5 28.
Raf1 g6 29. Qg4 Rg7 30. Qh3 Re8 31. g4 Nd3 32. g5 Bc5 33. Bc1 b4 34. axb4 axb4
35. Qg2 Ra8 36. Qc2 Ra2 37. Nb3 bxc3 38. Nxc5 cxb2 39. Bxb2 Nxc5 40. Ra1 Rxb2
41. Ra8+ Kf7 42. Qc3 Rg8 43. Rxg8 Kxg8 44. Qa3 Nd7 45. Qe7 Nf8 46. f5 exf5 0-1

[Event "Schach am Rhein"]
[Site "Bad Breisig"]
[Date "2009.11.26"]
[Round "6.1"]
[White "Mitzel, Robert"]
[Black "Boidman, Yuri"]
[Result "0-1"]
[WhiteElo "2031"]
[BlackElo "2391"]
[PlyCount "88"]
[EventDate "2009.??.??"]
[WhiteTeam "SK 1908 Göggingen"]
[BlackTeam "Wiesbadener SV 1885"]

1. d4 d5 2. c4 c6 3. Nc3 Nf6 4. Nf3 e6 5. Bg5 Nbd7 6. e3 Qa5 7. Nd2 Bb4 8. Qc2
O-O 9. Bxf6 Nxf6 10. Bd3 Re8 11. O-O e5 12. dxe5 Rxe5 13. Nf3 Bxc3 14. bxc3 Re8
15. cxd5 Qxd5 16. Rfd1 Qc5 17. Nd4 Bg4 18. f3 Bd7 19. e4 Rad8 20. Rab1 Bc8 21.
Kh1 Qe5 22. Ne2 b6 23. Bc4 b5 24. Bd3 a6 25. a4 Qc5 26. Nd4 Bb7 27. g3 Bc8 28.
axb5 cxb5 29. Rb4 Bb7 30. Rdb1 Qh5 31. Kg2 Bc8 32. Qf2 Bh3+ 33. Kg1 Bd7 34. Ne2
Bc6 35. Nf4 Qe5 36. c4 a5 37. R4b2 b4 38. Nd5 Nd7 39. f4 Qd6 40. Ra2 Nc5 41.
Bc2 Nxe4 42. Bxe4 Rxe4 43. Rxa5 Rxc4 44. Ne3 Rd4 0-1

[Event "Schach am Rhein"]
[Site "Bad Breisig"]
[Date "2009.11.26"]
[Round "6.2"]
[White "Wempe, Jürgen"]
[Black "Buchäckert, Jürgen"]
[Result "1-0"]
[WhiteElo "2177"]
[BlackElo "1991"]
[PlyCount "59"]
[EventDate "2009.??.??"]
[WhiteTeam "SK Union Oldenburg"]
[BlackTeam "SK 1912 Ludwigshafen"]

1. e4 c5 2. Nf3 Nc6 3. d4 cxd4 4. Nxd4 Nf6 5. Nc3 e5 6. Ndb5 d6 7. Nd5 Nxd5 8.
exd5 Nb8 9. Be2 a6 10. Nc3 Be7 11. O-O O-O 12. a4 f5 13. a5 Nd7 14. f4 Bf6 15.
Qd3 Nc5 16. Qc4 Bd7 17. Be3 Rc8 18. Qb4 Qc7 19. Rfc1 Rce8 20. Ra3 Bc8 21. Qc4
Qe7 22. Bxc5 dxc5 23. d6+ Qe6 24. Qxc5 Kh8 25. Bc4 Qd7 26. Nd5 exf4 27. Nxf4 g5
28. Ne6 Bxb2 29. Nxf8 Bxa3 30. Nxd7 1-0